000 00293nam a22001217a 4500
008 170715b xxu||||| |||| 00| 0 eng d
041 _aeng
080 _a2
100 _a24
101 _aANT
245 _aDEVELOPMENT OF RELIGION AND THOUGHT IN ANCIENT EGYPT
_cBREASTED,J.H
942 _2udc
_cBK
999 _c21202
_d21202